00684nam a2200241 a 4500001001300000003000900013005001700022008004100039020001000080082001600090100001600106245005900122260003800181300000900219500003500228505001300263650001200276700001600288902000800304942000700312952010800319999001500427nice12345678IN_TiNIC20260116011402.0050524s1948 lona grp 000 0 eng  ac10000a222.11bDRI aDriver, S R aBook of Genesis With Introduction and Notesb 15th Ed. aLondonbMethuen and Companyc1948 a459p aincludes index and biblioraphy2 aAppendix aGenesis1 aDriver, S R bSRS cBK 00104070aHMIbHMId2007-06-18g100.00l1o222.11 DRIp3392r2023-07-26s2023-07-05w2026-01-16yARB c1076d1076